Quizzes
Events
Quiz Creation
Community
Videos
Private Events
Remove Ads
Sign In
Join for FREE
Feedback
Dark Mode
Quiz Categories
Sports
Geography
Music
Movies
Television
Just For Fun
Miscellaneous
History
Literature
Language
Science
Gaming
Entertainment
Religion
Holiday
For Kids
Quiz Lab
Recent
Popular Today
Quiz Kudos Today
Editor Picks
Curator Picks
Quizzes by...
Day
Popularity
Type
Ratings
Length
Year
Community
Subscriptions
Recent Discussions
Orange Saloon
Badges
Playlists
Quests
Create
Leaderboards
Showdown
Live 5
Trivia Bingo
Activity
Puzzle Library
Sporcle Events
Private Events
Virtual Trivia
Globe League
Become a Host
Pub Owners
SporcleCon
Opinionation
Our Games
Videos
Blog
Mobile Apps
Partnerships
Remove Ads and Go Orange
Feedback
Religion
Mythology
Religious Music
World Religions
Bible
Christianity
Catholicism
Judaism
Church
Scripture
Islam
Verse
Religion
Mythology
Religious Music
World Religions
Bible
Christianity
Catholicism
Judaism
Church
Scripture
Islam
Verse
Random Quiz
Search Sporcle
×
Curator Pick
Curator Pick
Religion
Book
Type in answers that appear in a list
Type in answers that appear in a list
Classic
Best Score? Go Orange.
Catholic Bible Books ~ Old Testament Stats
Can you name the books of the Old Testament of the Catholic Bible?
By
Requiem1896
12m
46 Questions
2,701 Plays
2,701 Plays
2,701 Plays
Comments
Comments
Give Quiz Kudos
Give Quiz Kudos
-
- Ratings
hide this ad
Replay
Link that replays current quiz
Next Quiz
Link to next quiz in quiz playlist
You Got
0%
They Got
Avg Score
66%
Avg Friend Score
Upgrade to see
Score Distribution
Jump to the score distribution portion of the page
Score
0/46
Timer
12:00
0
Plays Today
% Correct
Genesis
93.5%
Exodus
91.2%
Numbers
87.9%
Leviticus
86.9%
Deuteronomy
85.9%
Ruth
84.3%
1 Kings
81.9%
2 Kings
81.9%
Psalms
80.4%
1 Samuel
80.1%
2 Samuel
80.1%
Joshua
79.5%
Judges
78.4%
Job
78.2%
Proverbs
74.9%
1 Chronicles
74.6%
2 Chronicles
74.4%
Ezra
70.7%
Song of Songs
70%
Isaiah
69.9%
Esther
69.5%
Jeremiah
68.7%
Daniel
66.6%
% Correct
1 Maccabees
65.6%
2 maccabees
65.4%
Ezekiel
64.8%
Nehemiah
61.4%
Ecclesiastes
61.4%
Jonah
59.1%
Judith
58.6%
Tobit
58.3%
Joel
56.8%
Lamentations
56.6%
Amos
56.2%
Malachi
54.9%
Micah
54.5%
Obadiah
53.8%
Zechariah
53.6%
Hosea
53.6%
Sirach
52.1%
Baruch
48.9%
Book of Wisdom
48.7%
Habakkuk
48.1%
Haggai
47%
Zephaniah
46.9%
Nahum
44.6%
Quiz Playlist
Details
Report
Send in Message
Add To Playlist
Classic:
Type in answers that appear in a list
Last Updated: Feb 16, 2017
Curator Pick in
Catholicism
Quiz Scoreboard
CHALLENGE
Sign Up to Join the Scoreboard
Show All
Scores
Hide
Comments
May contain spoilers
Recently Published
9x9 Crossword: Cartoon Network
by jackfrog10
Miscellaneous
3m
College Basketball Coaching Resumes
by pancakes188
Sports
9m
Billboard Blitz: Fleetwood Mac
by CooCooCachoo
Music
15s
More to Explore
Quiz From the Vault
Featured Blog Post
Where Did the Easter Bunny Come From?
hide this ad
You Might Also Like...
Tags
Bible Quiz
Book Quiz
Catholicism Quiz
catholic
old
Old Testament
Testament
Today's Top Quizzes in Religion
Browse Religion
hide this ad
Today's Top Quizzes in Book
Browse Book
Top Contributed Quizzes in Religion
1
5-to-1: Children of Gods
2
5-to-1: European Churches
3
One Thing in Common: Mythology
4
One Thing in Common: Mythology II
5
10 to 1: Islam
6
Prime Time: Religion
7
One Thing in Common: Religion
8
Order Up: Seven Last Words of Christ
9
Mythological Creature Bunker
10
One Thing in Common: Religion and Mythology
Explore More
Trending Topics
Anime
Harry Potter
NBA
Marvel
Crossword
Disney
Kpop
Pokémon
The Office
Puzzle
Country
NFL
Song
WWE
Soccer
hide this ad
More By:
Requiem1896
Quiz
Plays
Rating
Category
Featured
Created
Catholic Bible Books ~ Old Testament
2,701
3.55
Religion
Jun 4, 2011
Go to Creator's Profile
Score Distribution
Quiz Creator Spotlight
Requiem1896
Follow
Send a Message
Quizzes Created
-
Created Quiz Play Count
-
More By This Creator
Popular Quizzes Today
1
Find the US States - No Outlines Minefield
2
Find the Countries of Europe - No Outlines Minefield
3
The Countries of the World
4
Find the US States
5
Risky Map Clicking: Biggest States A-Z
6
US States
7
Popular People in 1961
8
Movies - When Are They Set?
More Religion Quizzes
Portrait of a Deity: Odin
Editor's Pick
Trending Quizzes
Risky Map Clicking: Least Populous States A-Z
1-10 Letter G Words
1-10 Letter F Words
Risky Map Clicking: Next State Alphabetically
Adjectives in 80s TV Shows
Recently Updated
Leaping Animals
pecheneg
Reality TV Shows (A-Z)
bhenderson79
Rickey Henderson's Hall of Fame Teammates
pecheneg
Champions League XIs: Arsenal
pecheneg
Quick Pick: Celebrities in WWE's Hall of Fame
aduchscher
A-Z Keypad Blitz II
pecheneg
Multiple Oscar Actors
pecheneg
Mystery Phrase Blitz: Oscar 'Best Actors'
pecheneg
F. Scott Fitzgerald Novels
LTH
Pick 3 Villains
ddd62291
Trending Topics
Kpop
NBA
Harry Potter
Marvel
Anime
Disney
Crossword
The Office
NFL
Song
Soccer
Pokémon
WWE
Puzzle
Country
Your Account Isn't Verified!
In order to create a playlist on Sporcle, you need to verify the email address you used during registration. Go to your
Sporcle Settings
to finish the process.
Report this User
Report this user for behavior that violates our
Community Guidelines
.
Details:
Send Report
Go to the Sporcle.com Mobile Site →
Comments